| 000 | 00448nam a22001817a 4500 | ||
|---|---|---|---|
| 003 | OSt | ||
| 008 | 230508b |||||||| |||| 00| 0 eng d | ||
| 020 | _a9788183602976 | ||
| 041 | _aeng | ||
| 082 |
_a620.85 _bVIN/ER |
||
| 100 |
_aVinod kumar _95438 |
||
| 100 |
_aMukesh jain _95439 |
||
| 100 |
_aVijaya rani _95440 |
||
| 245 | _aErgonomics for agricultural engineers | ||
| 260 |
_aNew delhi _bjain brothers _c2021 |
||
| 300 | _a149 | ||
| 942 | _cBBS | ||
| 999 |
_c17677 _d17677 |
||